Linked Data Portal for E-Government Resources of Pakistan / (Record no. 540880)

000 -LEADER
fixed length control field 00447nam a22001577a 4500
003 - CONTROL NUMBER IDENTIFIER
control field NUST
038 ## - RECORD CONTENT LICENSOR
Staff Name saima
082 ## - DEWEY DECIMAL CLASSIFICATION NUMBER
Classification number 004
Author Mark MCS
100 ## - MAIN ENTRY--PERSONAL NAME
Personal name Sajid, Asma
9 (RLIN) 35151
245 ## - TITLE STATEMENT
Title Linked Data Portal for E-Government Resources of Pakistan /
260 ## - PUBLICATION, DISTRIBUTION, ETC.
Place of publication, distribution, etc. Islamabad :
Name of publisher, distributor, etc. MCS - NUST,
Date of publication, distribution, etc. 2013
300 ## - PHYSICAL DESCRIPTION
Extent 75 p. ;
Dimensions 30cm.
650 ## - SUBJECT ADDED ENTRY--TOPICAL TERM
Topical term or geographic name entry element Computer Software Engineering-Linked Data Portal
9 (RLIN) 35152
700 ## - ADDED ENTRY--PERSONAL NAME
Personal name Dr. Hammad Afzal
9 (RLIN) 35034
942 ## - ADDED ENTRY ELEMENTS (KOHA)
Source of classification or shelving scheme
Koha item type Thesis
Holdings
Withdrawn status Lost status Source of classification or shelving scheme Damaged status Not for loan Permanent Location Current Location Date acquired Total Checkouts Full call number Barcode Date last seen Price effective from Koha item type
          Central Library (CL) Central Library (CL) 11/11/2020   004 MCS CL-T-977 11/11/2020 11/11/2020 Thesis
© 2023 Central Library, National University of Sciences and Technology. All Rights Reserved.